Managing people : a competence approach to supervisory management /

This book provides a practical and accessible means of acquiring the knowledge and understanding essential to better performance in the workplace, and to the acquisition of vocational qualifications.

Sparad:
Bibliografiska uppgifter
Övriga upphovsmän: Collins, Michael., Green, George., Candy, Anita., Cartwright, Roger.
Materialtyp: Bok
Språk:English
Publicerad: Oxford : Blackwell Business, 1998.
Ämnen:
Taggar: Lägg till en tagg
Inga taggar, Lägg till första taggen!
Thư viện lưu trữ: Mạng thư viện Đại học Đà Nẵng
LEADER 01215cam a2200373 i 4500
001 000048169
003 7874
005 20030402083206.0
008 010321|1998 vm 000 eng
020 |a 0631209239 
040 |a IRC  |c IRC  |d IRC 
041 0 |a eng 
082 1 4 |a 658.302  |b Ma-P 
245 0 0 |a Managing people :  |b a competence approach to supervisory management /  |c Roger Cartwright, Michael Collins, George Green, Anita Candy. 
260 |a Oxford :  |b Blackwell Business,  |c 1998. 
300 |a ix, 185 p. :  |b ill. ;  |c 24.5cm. 
520 3 |a This book provides a practical and accessible means of acquiring the knowledge and understanding essential to better performance in the workplace, and to the acquisition of vocational qualifications. 
630 0 4 |a Employees. 
630 0 4 |a Supervision. 
650 0 4 |a Supervision of employees. 
700 1 |a Collins, Michael. 
700 1 |a Green, George. 
700 1 |a Candy, Anita. 
700 1 |a Cartwright, Roger. 
OWN |a DUT 
999 |a From the UDN01 
TYP |a Monograph 
TYP |a Printed language 
980 |a Mạng thư viện Đại học Đà Nẵng